[Event "Madrid-ch Previa A 2014-2015"]
[Site "Madrid ESP"]
[Date "2015.02.16"]
[Round "7.10"]
[White "Beekhof Harmsen, Willen"]
[Black "Gonzalez Recas, Fernando"]
[Result "0-1"]
[WhiteElo "1654"]
[BlackElo "1776"]
[PlyCount "80"]
[EventDate "2015.02.02"]
[EventType "swiss"]
[EventRounds "9"]
[EventCountry "ESP"]
[Source "lmi"]
[SourceDate "2015.02.02"]

1. d4 Nf6 2. Nf3 d5 3. e3 c6 4. Bd3 e6 5. Nbd2 Nbd7 6. O-O Be7 7. e4 dxe4 8.
Nxe4 O-O 9. b3 Re8 10. Bb2 Nd5 11. c4 Nf4 12. Bb1 Nf6 13. Qc2 Ng6 14. Neg5 Nf8
15. Ne5 Qc7 16. Ngxf7 Bd6 17. Nxd6 Qxd6 18. c5 Qe7 19. Qe2 Nd5 20. Qf3 Qf6 21.
Qh5 g6 22. Qh6 Qf4 23. Qh3 Nd7 24. Nxg6 hxg6 25. Bxg6 Re7 26. Rad1 Qg5 27. Bb1
Nf4 28. Qg3 Ne2+ 29. Kh1 Nxg3+ 30. fxg3 Rg7 31. Bc1 Qe7 32. Bf4 Nf6 33. Bd6 Qf7
34. Be5 Qh5 35. Bxf6 Rf7 36. g4 Qxg4 37. h3 Qh5 38. Rd3 Qh6 39. Rg3+ Kf8 40.
Rgf3 Ke8 0-1

[Event "Madrid-ch Previa A 2014-2015"]
[Site "Madrid ESP"]
[Date "2015.02.16"]
[Round "7.11"]
[White "Del Noval Nemeshazi, Nesztor"]
[Black "Osorio Ramos, Francisco"]
[Result "1/2-1/2"]
[WhiteElo "1616"]
[BlackElo "1761"]
[PlyCount "62"]
[EventDate "2015.02.02"]
[EventType "swiss"]
[EventRounds "9"]
[EventCountry "ESP"]
[Source "lmi"]
[SourceDate "2015.02.02"]

1. e4 c5 2. Nf3 d6 3. d4 cxd4 4. Nxd4 Nf6 5. Nc3 a6 6. Bg5 Nbd7 7. f4 Qc7 8.
Qf3 h6 9. Bh4 g5 10. fxg5 hxg5 11. Bxg5 Qc5 12. Be3 Ne5 13. Qe2 Neg4 14. Bg1
Bh6 15. Nf5 Qe5 16. Nxh6 Nxh6 17. h3 Nhg4 18. O-O-O Qa5 19. Qd2 Be6 20. a3 Rc8
21. Bd4 Ne5 22. Be2 b5 23. Bf3 Nc4 24. Qe1 b4 25. Nd5 Bxd5 26. Bxf6 Nxa3 27.
bxa3 Qc5 28. Bc3 Be6 29. axb4 Qxc3 30. Qxc3 Rxc3 31. Kb2 Rc4 1/2-1/2

[Event "Madrid-ch Previa A 2014-2015"]
[Site "Madrid ESP"]
[Date "2015.02.16"]
[Round "7.13"]
[White "Morona Minguez, Miguel"]
[Black "Villodre Miranda, Juan Alonso"]
[Result "1-0"]
[WhiteElo "1913"]
[BlackElo "1683"]
[PlyCount "47"]
[EventDate "2015.02.02"]
[EventType "swiss"]
[EventRounds "9"]
[EventCountry "ESP"]
[Source "lmi"]
[SourceDate "2015.02.02"]

1. e4 c5 2. Nf3 d6 3. d4 cxd4 4. Nxd4 Nc6 5. Nc3 e6 6. g4 Be7 7. Be3 a6 8. Qd2
Nxd4 9. Bxd4 e5 10. Be3 Bxg4 11. Rg1 Bh5 12. Nd5 Bg6 13. Bb6 Qc8 14. Nc7+ Kf8
15. Nxa8 Qxa8 16. f3 Nf6 17. O-O-O Qc8 18. Be3 h6 19. Kb1 Kg8 20. c4 Kh7 21. b3
Qc6 22. Qb4 Bxe4+ 23. fxe4 Qxe4+ 24. Bd3 1-0

[Event "Madrid-ch Previa A 2014-2015"]
[Site "Madrid ESP"]
[Date "2015.02.16"]
[Round "7.14"]
[White "Jimenez Gonzalez, Marcos"]
[Black "Roman Garcia, Jose Luis"]
[Result "1-0"]
[WhiteElo "1856"]
[BlackElo "1469"]
[PlyCount "93"]
[EventDate "2015.02.02"]
[EventType "swiss"]
[EventRounds "9"]
[EventCountry "ESP"]
[Source "lmi"]
[SourceDate "2015.02.02"]

1. d4 d5 2. c4 e6 3. Nf3 Be7 4. g3 Nf6 5. Bg2 Nbd7 6. Qc2 c6 7. O-O O-O 8. Nbd2
h6 9. b3 Nh7 10. e4 dxe4 11. Nxe4 f5 12. Nc3 Ng5 13. Ne5 Qe8 14. f4 Nh7 15. Be3
Ndf6 16. d5 Ng4 17. Nxg4 fxg4 18. dxc6 bxc6 19. Nb5 Qd7 20. Rad1 Qb7 21. Nd6
Qc7 22. c5 Ba6 23. Rfe1 Rad8 24. Qe4 Rf6 25. Bd4 Bxd6 26. Bxf6 Nxf6 27. Qxe6+
Kh8 28. cxd6 Qb6+ 29. Qe3 c5 30. d7 Bb5 31. Qe6 Qc7 32. Qd6 Rxd7 33. Qxc7 Rxc7
34. a4 Be8 35. Rd8 c4 36. Rdxe8+ Kh7 37. R8e7 Rc8 38. bxc4 Rxc4 39. Rxa7 Rc3
40. Be4+ Kg8 41. Bg6 Rc8 42. a5 Kf8 43. Rf7+ Kg8 44. Rxf6 gxf6 45. Re8+ Rxe8
46. Bxe8 Kf8 47. a6 1-0

[Event "Madrid-ch Previa A 2014-2015"]
[Site "Madrid ESP"]
[Date "2015.02.16"]
[Round "7.16"]
[White "Canseco Arenas, Alfonso"]
[Black "Leniz Martinez, Francisco"]
[Result "1-0"]
[WhiteElo "1733"]
[BlackElo "1702"]
[PlyCount "81"]
[EventDate "2015.02.02"]
[EventType "swiss"]
[EventRounds "9"]
[EventCountry "ESP"]
[Source "lmi"]
[SourceDate "2015.02.02"]

1. a3 e5 2. c4 Nf6 3. d3 Nc6 4. Nc3 h6 5. Nf3 d6 6. e3 Be7 7. Be2 O-O 8. O-O
Re8 9. Bd2 Be6 10. b4 a6 11. Rb1 b6 12. Qc2 Nb8 13. Rfd1 Qc8 14. d4 exd4 15.
Nxd4 Bg4 16. f3 Bd7 17. e4 Nc6 18. Be3 Nxd4 19. Bxd4 Be6 20. Nd5 Bxd5 21. cxd5
Qd7 22. Rbc1 Rec8 23. a4 Ne8 24. b5 a5 25. f4 Rcb8 26. h3 Qd8 27. Bg4 Ra7 28.
Qa2 Nf6 29. Bf3 Ne8 30. e5 dxe5 31. fxe5 Bg5 32. Rc6 Kh8 33. d6 cxd6 34. exd6
Nf6 35. Qc4 Rd7 36. Be5 Qe8 37. Re1 Qd8 38. Rc7 Qe8 39. Rxd7 Qxd7 40. Qc7 Rb7
41. Qxb7 1-0

[Event "Madrid-ch Previa A 2014-2015"]
[Site "Madrid ESP"]
[Date "2015.02.16"]
[Round "7.17"]
[White "Garcia Carbonell, Francisco"]
[Black "Fernandez Rios, Jose Francisco"]
[Result "0-1"]
[WhiteElo "1658"]
[BlackElo "1715"]
[PlyCount "58"]
[EventDate "2015.02.02"]
[EventType "swiss"]
[EventRounds "9"]
[EventCountry "ESP"]
[Source "lmi"]
[SourceDate "2015.02.02"]

1. e4 c5 2. Nc3 g6 3. g3 Bg7 4. Bg2 Nc6 5. d3 d6 6. f4 Nf6 7. Nf3 Bg4 8. Ne2
O-O 9. c3 Qb6 10. h3 Bxf3 11. Bxf3 Nd7 12. O-O e5 13. b3 Qc7 14. Be3 b5 15. Rc1
b4 16. d4 bxc3 17. dxc5 dxc5 18. Nxc3 Nd4 19. Bg2 Rac8 20. Rf2 Qd6 21. Rd2 Rfd8
22. fxe5 Bxe5 23. Nb5 Qe7 24. Nxd4 cxd4 25. Rxc8 Rxc8 26. Bxd4 Bxg3 27. Bxa7
Nf6 28. Bd4 Bf4 29. Rf2 Rc1 0-1

[Event "Madrid-ch Previa A 2014-2015"]
[Site "Madrid ESP"]
[Date "2015.02.16"]
[Round "7.18"]
[White "Jara Sanchez, Carlos"]
[Black "Vaquerizo Calvo, Miguel A"]
[Result "1/2-1/2"]
[WhiteElo "1621"]
[BlackElo "1844"]
[PlyCount "55"]
[EventDate "2015.02.02"]
[EventType "swiss"]
[EventRounds "9"]
[EventCountry "ESP"]
[Source "lmi"]
[SourceDate "2015.02.02"]

1. e4 c5 2. Nf3 d6 3. d4 cxd4 4. Nxd4 Nf6 5. Nc3 g6 6. Bc4 Bg7 7. Be3 O-O 8. f3
Nc6 9. Qd2 Bd7 10. O-O-O Qa5 11. Kb1 Rfc8 12. Bb3 Ne5 13. Nd5 Qxd2 14. Bxd2
Nxd5 15. Bxd5 Rab8 16. Bc3 b5 17. a3 Nc4 18. Bxc4 Rxc4 19. Ne2 Bxc3 20. Nxc3 b4
21. axb4 Rcxb4 22. b3 Be6 23. Nd5 R4b7 24. Kb2 a5 25. Rd4 Bxd5 26. exd5 Rb4 27.
Rxb4 axb4 28. Re1 1/2-1/2

[Event "Madrid-ch Previa A 2014-2015"]
[Site "Madrid ESP"]
[Date "2015.02.16"]
[Round "7.19"]
[White "Martin-Consuegra Barrilero, Francisco Javier"]
[Black "Martinez Miura, Enrique"]
[Result "1-0"]
[WhiteElo "1801"]
[BlackElo "1732"]
[PlyCount "109"]
[EventDate "2015.02.02"]
[EventType "swiss"]
[EventRounds "9"]
[EventCountry "ESP"]
[Source "lmi"]
[SourceDate "2015.02.02"]

1. d4 e6 2. Bf4 d5 3. e3 Nf6 4. Bd3 Be7 5. Nd2 Nbd7 6. Ngf3 O-O 7. Ne5 Nxe5 8.
dxe5 Nd7 9. Qh5 f5 10. g4 Qe8 11. Qh3 Nc5 12. Be2 Ne4 13. Nxe4 fxe4 14. g5 d4
15. O-O-O Bc5 16. Rhg1 g6 17. Rg4 dxe3 18. Bxe3 Bxe3+ 19. Qxe3 Bd7 20. Rxe4 Bc6
21. Red4 Qe7 22. f4 a5 23. Bf3 Bxf3 24. Qxf3 Qxg5 25. Qxb7 Rxf4 26. R4d2 Raf8
27. Qxc7 Rf1 28. c3 Rxd1+ 29. Kxd1 Rf1+ 30. Kc2 Qf5+ 31. Kb3 Qg5 32. Rd7 Qh6
33. Qd8+ Rf8 34. Qe7 Rb8+ 35. Ka3 g5 36. Rd6 Qxh2 37. Qxe6+ Kh8 38. Qf6+ Kg8
39. Qxg5+ Kh8 40. Rd8+ Rxd8 41. Qxd8+ Kg7 42. Qf6+ Kg8 43. Qd8+ Kg7 44. e6 Qe5
45. Qd7+ Kh6 46. e7 Qc5+ 47. Ka4 Qc4+ 48. b4 Qxa2+ 49. Kb5 Qe2+ 50. Kxa5 Qa2+
51. Kb5 Qe2+ 52. c4 Qe5+ 53. Kc6 Qe4+ 54. Kc7 Qxc4+ 55. Qc6+ 1-0

[Event "Madrid-ch Previa A 2014-2015"]
[Site "Madrid ESP"]
[Date "2015.02.16"]
[Round "7.20"]
[White "Jimenez Jimenez, Darfo"]
[Black "Lopez Oneto, Manuel"]
[Result "1-0"]
[WhiteElo "1668"]
[BlackElo "1855"]
[PlyCount "64"]
[EventDate "2015.02.02"]
[EventType "swiss"]
[EventRounds "9"]
[EventCountry "ESP"]
[Source "lmi"]
[SourceDate "2015.02.02"]

1. e4 Nf6 2. e5 Nd5 3. d4 d6 4. Bc4 c6 5. exd6 Qxd6 6. Qf3 Qb4+ 7. Nd2 Be6 8.
Ne2 Nd7 9. c3 Qa5 10. O-O N7f6 11. Re1 Qc7 12. h3 g5 13. Ng3 O-O-O 14. Nde4 g4
15. hxg4 Bxg4 16. Qd3 h5 17. Nxf6 exf6 18. Bxd5 Rxd5 19. c4 Rd8 20. Nf5 Qd7 21.
Ng3 Qxd4 22. Qb3 Be6 23. Qa4 Qxc4 24. Qxa7 Bc5 25. Qa8+ Kc7 26. Qa5+ Bb6 27.
Qa3 h4 28. Ne4 h3 29. Bf4+ Kc8 30. Qa8+ Kd7 31. Qxb7+ Ke8 32. Qxb6 Qa4 1-0

[Event "Madrid-ch Previa A 2014-2015"]
[Site "Madrid ESP"]
[Date "2015.02.16"]
[Round "7.21"]
[White "Rodriguez Bachiller, Luis"]
[Black "Suarez Mencia, Roberto"]
[Result "1-0"]
[WhiteElo "1714"]
[BlackElo "1489"]
[PlyCount "103"]
[EventDate "2015.02.02"]
[EventType "swiss"]
[EventRounds "9"]
[EventCountry "ESP"]
[Source "lmi"]
[SourceDate "2015.02.02"]

1. g3 Nf6 2. Bg2 c6 3. c4 d5 4. Nc3 d4 5. Ne4 Nxe4 6. Bxe4 e5 7. d3 Nd7 8. Bd2
Nf6 9. Bg2 Be7 10. Nf3 Bd6 11. O-O c5 12. a3 a5 13. Ng5 O-O 14. Ne4 Nxe4 15.
Bxe4 Rb8 16. Qa4 b6 17. b4 Bd7 18. Bc6 Bxc6 19. Qxc6 Rc8 20. Qb5 Ra8 21. bxc5
bxc5 22. Rfb1 Qf6 23. Qc6 Rfc8 24. Qd5 a4 25. Rb6 Rd8 26. Rab1 Qe7 27. Qb7 Qxb7
28. Rxb7 Rab8 29. e4 Rxb7 30. Rxb7 Kf8 31. f4 f6 32. Kf2 Rb8 33. Rxb8+ Bxb8 34.
Kf3 Ke7 35. f5 g6 36. g4 Bd6 37. h4 Bc7 38. g5 Bd8 39. Kg4 Bc7 40. gxf6+ Kxf6
41. Bg5+ Kf7 42. h5 Bd6 43. Bd8 gxf5+ 44. Kxf5 h6 45. Bf6 Bc7 46. Bxe5 Ba5 47.
Bf4 Bb4 48. Bc1 Kg7 49. Ke6 Kh7 50. Kf7 Be1 51. e5 Bh4 52. e6 1-0

[Event "Madrid-ch Previa A 2014-2015"]
[Site "Madrid ESP"]
[Date "2015.02.16"]
[Round "7.22"]
[White "Rufo Yebra, Benito"]
[Black "Benitez Cadenas, Luis Miguel"]
[Result "1-0"]
[WhiteElo "1484"]
[BlackElo "1703"]
[PlyCount "53"]
[EventDate "2015.02.02"]
[EventType "swiss"]
[EventRounds "9"]
[EventCountry "ESP"]
[Source "lmi"]
[SourceDate "2015.02.02"]

1. Nf3 d5 2. d4 c6 3. Bf4 Qb6 4. b3 Nf6 5. Nc3 Bf5 6. Na4 Qd8 7. e3 Nh5 8. Bd3
Bxd3 9. Bxb8 Bxc2 10. Qxc2 Rxb8 11. O-O e6 12. Nc5 b6 13. Nd3 Rc8 14. Qe2 Nf6
15. Nfe5 c5 16. Rac1 cxd4 17. Rxc8 Qxc8 18. Rc1 Qb7 19. exd4 Bd6 20. Nb4 O-O
21. Qb5 Bxe5 22. dxe5 Nd7 23. Nc6 Nb8 24. Qa4 a6 25. Nd4 Rc8 26. Rc2 Rxc2 27.
Qe8# 1-0

[Event "Madrid-ch Previa A 2014-2015"]
[Site "Madrid ESP"]
[Date "2015.02.16"]
[Round "7.23"]
[White "Jarne Anguita, Miguel"]
[Black "Torres Alvarez, Augusto"]
[Result "1-0"]
[WhiteElo "1431"]
[BlackElo "1505"]
[PlyCount "67"]
[EventDate "2015.02.02"]
[EventType "swiss"]
[EventRounds "9"]
[EventCountry "ESP"]
[Source "lmi"]
[SourceDate "2015.02.02"]

1. d4 Nf6 2. Nf3 g6 3. Bg5 Bg7 4. Nc3 d5 5. Qd2 h6 6. Bf4 Nbd7 7. O-O-O c6 8.
e3 a5 9. Bd3 b5 10. e4 Ba6 11. exd5 Nxd5 12. Nxd5 cxd5 13. Qe2 Qb6 14. Rde1 e6
15. Qe3 g5 16. Bg3 b4 17. Bxa6 Qxa6 18. h4 g4 19. Nd2 Rc8 20. Re2 Qc6 21. Nb1
h5 22. f4 Bh6 23. Qd3 Nf6 24. Nd2 Nd7 25. Rhe1 Bg7 26. f5 Rh6 27. Bf4 Nf8 28.
Bxh6 Bxh6 29. fxe6 fxe6 30. Kb1 a4 31. Nf1 Bf4 32. Rf2 Bd6 33. Qf5 Qc7 34. Qxd5
1-0

[Event "Madrid-ch Previa A 2014-2015"]
[Site "Madrid ESP"]
[Date "2015.02.16"]
[Round "7.24"]
[White "Morona Calvo, Virgilio"]
[Black "Lucia Carpintero, Oscar"]
[Result "0-1"]
[WhiteElo "1411"]
[BlackElo "1661"]
[PlyCount "67"]
[EventDate "2015.02.02"]
[EventType "swiss"]
[EventRounds "9"]
[EventCountry "ESP"]
[Source "lmi"]
[SourceDate "2015.02.02"]

1. e4 Nf6 2. e5 Nd5 3. Nf3 d6 4. c4 Nb6 5. b3 dxe5 6. Nxe5 Qd4 7. Nxf7 Kxf7 8.
Qf3+ Qf6 9. Qxf6+ exf6 10. Nc3 c6 11. Be2 Bf5 12. O-O Bd6 13. d4 Bc7 14. Bf3
N8d7 15. Be3 Rhe8 16. Rad1 Rad8 17. d5 Ne5 18. Bxb6 Nxf3+ 19. gxf3 Bxb6 20. a3
Bh3 21. Rfe1 Rxe1+ 22. Rxe1 Bd4 23. Ne4 cxd5 24. cxd5 Rxd5 25. b4 Bb6 26. Rc1
Ke7 27. a4 a5 28. b5 Rd4 29. Re1 Kd7 30. Nc3 Rd3 31. Rd1 Rxd1+ 32. Nxd1 Bd4 33.
Ne3 Bxe3 34. fxe3 0-1

[Event "Madrid-ch Previa A 2014-2015"]
[Site "Madrid ESP"]
[Date "2015.02.16"]
[Round "7.25"]
[White "Montejano Siguero, Sonia"]
[Black "Ramos Antona, Enrique"]
[Result "1-0"]
[WhiteElo "1521"]
[BlackElo "1630"]
[PlyCount "131"]
[EventDate "2015.02.02"]
[EventType "swiss"]
[EventRounds "9"]
[EventCountry "ESP"]
[Source "lmi"]
[SourceDate "2015.02.02"]

1. e4 d6 2. Nf3 Nf6 3. Nc3 c5 4. Bb5+ Bd7 5. Qe2 a6 6. Bxd7+ Nfxd7 7. d3 g6 8.
Bd2 Bg7 9. Be3 Nc6 10. Qd2 Nd4 11. Ne2 Nxf3+ 12. gxf3 Ne5 13. Ng1 Qb6 14. c3
Qa5 15. d4 Nc4 16. Qe2 Nxe3 17. fxe3 cxd4 18. exd4 Bxd4 19. Qd3 Bg7 20. Ne2 Qb5
21. Qxb5+ axb5 22. Nf4 e6 23. O-O O-O 24. Rfd1 Rfd8 25. a3 Rac8 26. Rd3 Rc5 27.
Rad1 Rg5+ 28. Kh1 Be5 29. Ne2 Rh5 30. f4 Bf6 31. Rxd6 Rc8 32. e5 Be7 33. Rd7
Bc5 34. Rd8+ Rxd8 35. Rxd8+ Kg7 36. Rd7 b6 37. Kg2 Kf8 38. b4 Ke8 39. Rb7 Be3
40. Kf3 Rh3+ 41. Ng3 Bd2 42. Rxb6 Bxc3 43. Rxb5 Rxh2 44. Ne4 Bb2 45. a4 Rh3+
46. Kg4 Rd3 47. Nf6+ Kd8 48. Rb8+ Kc7 49. Rf8 h5+ 50. Kh4 Bc3 51. Rxf7+ Kc6 52.
b5+ Kb6 53. Nd7+ Ka5 54. Nc5 Be1+ 55. Kg5 Rg3+ 56. Kf6 Rf3 57. Kxg6 h4 58. Rh7
Rxf4 59. Nxe6 Kxa4 60. b6 Rb4 61. b7 Bg3 62. Kf5 Ka5 63. Nc5 Rf4+ 64. Ke6 Rf8
65. Nd7 Re8+ 66. Re7 1-0

[Event "Madrid-ch Previa A 2014-2015"]
[Site "Madrid ESP"]
[Date "2015.02.17"]
[Round "8.1"]
[White "Santamaria Baeza, Adolfo"]
[Black "Martos De La Vega, Alvar"]
[Result "0-1"]
[WhiteElo "1892"]
[BlackElo "1933"]
[PlyCount "160"]
[EventDate "2015.02.02"]
[EventType "swiss"]
[EventRounds "9"]
[EventCountry "ESP"]
[Source "lmi"]
[SourceDate "2015.02.02"]

1. e4 c5 2. Nf3 d6 3. d4 cxd4 4. Nxd4 Nf6 5. Nc3 a6 6. Bc4 e6 7. Be3 b5 8. Bd3
Be7 9. O-O Bb7 10. a3 Qc7 11. Re1 Nc6 12. Nde2 O-O 13. Ng3 b4 14. axb4 Nxb4 15.
Bf1 d5 16. e5 Qxe5 17. Bc5 Qc7 18. Bxe7 Qxe7 19. Qd2 Qc7 20. Nd1 a5 21. c3 Nc6
22. Ra4 Ne7 23. Rf4 Ne4 24. Nxe4 dxe4 25. Rg4 Ng6 26. h4 f5 27. Rg3 Nxh4 28.
Qg5 Ng6 29. Rh3 Rf6 30. Ne3 Nf8 31. Bc4 Rg6 32. Qxf5 Rf6 33. Qg4 Ba6 34. Qxe4
Bb7 35. Qc2 Ba6 36. Ba2 Rd8 37. Ng4 Rg6 38. Ne5 Rf6 39. Bb1 Qc5 40. Ree3 Qd5
41. Ng4 Qd1+ 42. Qxd1 Rxd1+ 43. Kh2 Rxb1 44. Nxf6+ gxf6 45. Rh5 f5 46. Rg3+ Kf7
47. Rhg5 Ng6 48. Rh5 Nf8 49. c4 Bxc4 50. Rc3 Bd5 51. Rc7+ Kg6 52. Rh4 Rxb2 53.
Kg3 Rb4 54. Rh2 Rg4+ 55. Kh3 Kf6 56. g3 Rg6 57. f3 Bxf3 58. g4 Rh6+ 59. Kg3
Rxh2 60. g5+ Kxg5 61. Kxh2 a4 62. Rg7+ Ng6 63. Rxh7 Bd5 64. Ra7 Bb3 65. Kg3 Kf6
66. Ra5 Ne7 67. Kf3 Nd5 68. Ke2 Ke5 69. Kf3 Kd4 70. Ra6 e5 71. Ra5 e4+ 72. Ke2
f4 73. Ra7 Bc4+ 74. Ke1 Bb3 75. Ke2 f3+ 76. Kf2 Bd1 77. Ke1 Bb3 78. Kf2 Kd3 79.
Ra5 e3+ 80. Kf1 Kd2 0-1

[Event "Madrid-ch Previa A 2014-2015"]
[Site "Madrid ESP"]
[Date "2015.02.17"]
[Round "8.2"]
[White "Pana, Dorin"]
[Black "Fernandez Aransay, Fernando"]
[Result "1-0"]
[WhiteElo "1943"]
[BlackElo "1869"]
[PlyCount "101"]
[EventDate "2015.02.02"]
[EventType "swiss"]
[EventRounds "9"]
[EventCountry "ESP"]
[Source "lmi"]
[SourceDate "2015.02.02"]

1. e4 c5 2. Nf3 d6 3. d4 cxd4 4. Nxd4 Nf6 5. Nc3 g6 6. f3 Bg7 7. Be3 O-O 8. Qd2
Nc6 9. O-O-O d5 10. exd5 Nxd5 11. Nxc6 bxc6 12. Nxd5 cxd5 13. Qxd5 Qc7 14. Qc4
Qe5 15. Qc3 Qxc3 16. bxc3 Bxc3 17. Bc4 Rb8 18. Bxa7 Bb2+ 19. Kb1 Rb7 20. Bb3
Be5 21. Bd4 Bd6 22. h4 h5 23. g4 hxg4 24. h5 g5 25. fxg4 Bf4 26. Rdf1 Kh7 27.
Rhg1 Be6 28. Bb2 Rfb8 29. Bc1 Bxb3 30. axb3 e5 31. Re1 Ra8 32. Re4 Rba7 33. Bb2
Kh6 34. Rd1 Ra6 35. Rd7 f6 36. b4 R8a7 37. Rxa7 Rxa7 38. b5 f5 39. gxf5 Kxh5
40. c4 Ra4 41. Kc2 g4 42. Kb3 Ra8 43. Bxe5 Re8 44. Rxf4 Rxe5 45. f6 Re8 46. f7
Rf8 47. b6 g3 48. Rf1 Kg6 49. Rg1 Rxf7 50. Rxg3+ Kh7 51. Kb4 1-0

[Event "Madrid-ch Previa A 2014-2015"]
[Site "Madrid ESP"]
[Date "2015.02.17"]
[Round "8.3"]
[White "Cano Mercado, Francisco Manuel"]
[Black "Perea Blanco, David"]
[Result "0-1"]
[WhiteElo "1886"]
[BlackElo "1876"]
[PlyCount "86"]
[EventDate "2015.02.02"]
[EventType "swiss"]
[EventRounds "9"]
[EventCountry "ESP"]
[Source "lmi"]
[SourceDate "2015.02.02"]

1. d4 d5 2. Nf3 Nf6 3. g3 c5 4. Bg2 Nc6 5. O-O e6 6. e3 Be7 7. a3 O-O 8. dxc5
Bxc5 9. b4 Bd6 10. Bb2 b5 11. Nbd2 Bb7 12. Nb3 Rc8 13. Nbd4 a6 14. Nxc6 Rxc6
15. Ne5 Rc7 16. h4 Ne4 17. Bxe4 dxe4 18. Ng4 Rc4 19. Nh6+ Kh8 20. Qg4 e5 21.
Nf5 Qf6 22. Nxd6 Qxd6 23. Rad1 Qb8 24. Rd2 Bc8 25. Qg5 f6 26. Qh5 Bh3 27. Rfd1
Qc8 28. Qe2 Bg4 29. Qe1 Bxd1 30. Qxd1 h6 31. Kg2 Qf5 32. Qe2 Rfc8 33. c3 R4c7
34. Qd1 Kh7 35. a4 Re8 36. axb5 axb5 37. Qe2 Rd7 38. Rc2 Red8 39. g4 Qe6 40.
Bc1 Rd3 41. Bd2 Qb3 42. Be1 Rd1 43. Kf1 Qb1 0-1

[Event "Madrid-ch Previa A 2014-2015"]
[Site "Madrid ESP"]
[Date "2015.02.17"]
[Round "8.4"]
[White "Camarero Izquierdo, Juan Carlo"]
[Black "Lopez Heras, Arturo"]
[Result "1/2-1/2"]
[WhiteElo "1875"]
[BlackElo "1866"]
[PlyCount "20"]
[EventDate "2015.02.02"]
[EventType "swiss"]
[EventRounds "9"]
[EventCountry "ESP"]
[Source "lmi"]
[SourceDate "2015.02.02"]

1. d4 Nf6 2. Nc3 d5 3. Bg5 Nc6 4. Bxf6 exf6 5. Qd3 Be7 6. O-O-O O-O 7. Kb1 Nb4
8. Qd2 Bf5 9. Rc1 c5 10. e3 Rc8 1/2-1/2

[Event "Madrid-ch Previa A 2014-2015"]
[Site "Madrid ESP"]
[Date "2015.02.17"]
[Round "8.5"]
[White "Rueda Maria, Ramiro"]
[Black "Fernandez Garcia, Ignacio"]
[Result "1/2-1/2"]
[WhiteElo "1905"]
[BlackElo "1836"]
[PlyCount "40"]
[EventDate "2015.02.02"]
[EventType "swiss"]
[EventRounds "9"]
[EventCountry "ESP"]
[Source "lmi"]
[SourceDate "2015.02.02"]

1. e4 e6 2. d4 d5 3. exd5 exd5 4. Bd3 Nf6 5. Bg5 Be7 6. Nf3 Bg4 7. O-O O-O 8.
Re1 Nbd7 9. Nbd2 c6 10. c3 Bd6 11. h3 Bh5 12. Qc2 Bg6 13. Ne5 Bxd3 14. Qxd3 Qc7
15. Qf5 Rae8 16. Ng4 Nxg4 17. Qxg4 f5 18. Qh5 g6 19. Qh4 Qc8 20. Nf3 Re4
1/2-1/2

[Event "Madrid-ch Previa A 2014-2015"]
[Site "Madrid ESP"]
[Date "2015.02.17"]
[Round "8.6"]
[White "Saber, Salah"]
[Black "Lozano Sanchez, Jose Antonio"]
[Result "1/2-1/2"]
[WhiteElo "1866"]
[BlackElo "1873"]
[PlyCount "99"]
[EventDate "2015.02.02"]
[EventType "swiss"]
[EventRounds "9"]
[EventCountry "ESP"]
[Source "lmi"]
[SourceDate "2015.02.02"]

1. Nf3 Nf6 2. c4 c5 3. Nc3 Nc6 4. g3 d6 5. Bg2 e6 6. d3 Be7 7. O-O O-O 8. e4 a6
9. h3 Rb8 10. a4 Ne8 11. Nh2 Nc7 12. f4 Nd4 13. Ne2 Bf6 14. Ng4 Nxe2+ 15. Qxe2
Bd4+ 16. Be3 Bxe3+ 17. Nxe3 b5 18. axb5 axb5 19. b3 Bb7 20. f5 Qf6 21. Kh2 Qc3
22. Rab1 Bc6 23. Rfc1 Qd4 24. Rf1 Qc3 25. h4 Ra8 26. Rfc1 Qd4 27. Qd2 b4 28.
Nc2 Qe5 29. d4 cxd4 30. Qxd4 Qc5 31. Rd1 Rfd8 32. Ra1 exf5 33. Qxc5 dxc5 34.
exf5 Bxg2 35. Kxg2 Kf8 36. Ne3 Ke7 37. Rxa8 Rxa8 38. Nd5+ Nxd5 39. Rxd5 Ra3 40.
Rd3 Ra6 41. Kf3 Rd6 42. Re3+ Kd7 43. g4 Rd4 44. h5 f6 45. Kg3 h6 46. Kf3 Rd1
47. Ke4 Rd4+ 48. Kf3 Rd1 49. Ke2 Rd4 50. Kf3 1/2-1/2

[Event "Madrid-ch Previa A 2014-2015"]
[Site "Madrid ESP"]
[Date "2015.02.17"]
[Round "8.7"]
[White "Gonzalez Recas, Fernando"]
[Black "Morona Minguez, Miguel"]
[Result "1/2-1/2"]
[WhiteElo "1776"]
[BlackElo "1913"]
[PlyCount "93"]
[EventDate "2015.02.02"]
[EventType "swiss"]
[EventRounds "9"]
[EventCountry "ESP"]
[Source "lmi"]
[SourceDate "2015.02.02"]

1. e4 e5 2. Nf3 Nc6 3. Bb5 a6 4. Ba4 Nf6 5. d3 Bc5 6. Be3 Bxe3 7. fxe3 b5 8.
Bb3 d6 9. c3 O-O 10. Nbd2 Nb8 11. O-O Nbd7 12. Re1 Bb7 13. Nf1 c5 14. Ng3 Nb6
15. Qe2 Qc7 16. Nd2 a5 17. Rf1 c4 18. Bc2 cxd3 19. Bxd3 Nc4 20. b3 Nxd2 21.
Qxd2 Rac8 22. Rac1 Qb6 23. h3 d5 24. Qe2 dxe4 25. Bxb5 Nd5 26. c4 Nxe3 27. Rf2
f5 28. Kh2 f4 29. Nf1 Nxf1+ 30. Rfxf1 Rfd8 31. Rcd1 Rxd1 32. Rxd1 Rd8 33. Qg4
Rxd1 34. Qxd1 Qd4 35. Qg4 Qd6 36. Bd7 Kf8 37. Qf5+ Ke7 38. Bb5 g6 39. Qg5+ Qf6
40. Qg4 Qf5 41. Qh4+ g5 42. Qh5 Qg6 43. Qg4 Kf6 44. Qd7 Qf7 45. Qd6+ Qe6 46.
Qf8+ Qf7 47. Qd6+ 1/2-1/2

[Event "Madrid-ch Previa A 2014-2015"]
[Site "Madrid ESP"]
[Date "2015.02.17"]
[Round "8.8"]
[White "Camacho Casado, Demetrio"]
[Black "Canseco Arenas, Alfonso"]
[Result "1-0"]
[WhiteElo "1933"]
[BlackElo "1733"]
[PlyCount "72"]
[EventDate "2015.02.02"]
[EventType "swiss"]
[EventRounds "9"]
[EventCountry "ESP"]
[Source "lmi"]
[SourceDate "2015.02.02"]

1. f4 c5 2. Nf3 Nc6 3. g3 d5 4. Bg2 e6 5. O-O f5 6. d3 Nf6 7. Na3 Be7 8. c4 O-O
9. cxd5 exd5 10. h3 g6 11. Kh2 a6 12. Nc2 b5 13. a4 b4 14. Ne3 Bb7 15. Ne5 Nd4
16. a5 Kg7 17. b3 Nc6 18. Nxc6 Bxc6 19. Bb2 Kh6 20. g4 fxg4 21. hxg4 g5 22.
fxg5+ Kxg5 23. Qe1 d4 24. Rf5+ Kg6 25. Qh4 Kg7 26. g5 Qd6+ 27. Kg1 Nd7 28. Rf6
Qe5 29. Nf5+ Kh8 30. Nxe7 Qe3+ 31. Qf2 Qxg5 32. Rxf8+ Rxf8 33. Bxd4+ cxd4 34.
Qxd4+ Qe5 35. Nxc6 Qxd4+ 36. Nxd4 Nc5 1-0

[Event "Madrid-ch Previa A 2014-2015"]
[Site "Madrid ESP"]
[Date "2015.02.17"]
[Round "8.9"]
[White "Baeza Escudero, Javier"]
[Black "Del Noval Nemeshazi, Nesztor"]
[Result "0-1"]
[WhiteElo "1922"]
[BlackElo "1616"]
[PlyCount "58"]
[EventDate "2015.02.02"]
[EventType "swiss"]
[EventRounds "9"]
[EventCountry "ESP"]
[Source "lmi"]
[SourceDate "2015.02.02"]

1. e4 c5 2. Nf3 d6 3. d4 cxd4 4. Nxd4 Nf6 5. Nc3 a6 6. f4 e6 7. a4 Be7 8. Be2
Qc7 9. O-O Nc6 10. Kh1 O-O 11. Be3 d5 12. e5 Ne4 13. Nxe4 dxe4 14. c3 Rd8 15.
Qb1 Nxd4 16. Bxd4 Qc6 17. Bd1 b6 18. Bc2 Bb7 19. Rf2 Bc5 20. Bxc5 bxc5 21. Qe1
Rd7 22. a5 Rad8 23. Ba4 e3 24. Bxc6 exf2 25. Qf1 Bxc6 26. h3 Rd2 27. b3 Be4 28.
Qc1 Bc2 29. Kh2 Bd1 0-1